000 00568nam a2200217Ia 4500
003 OSt
005 20220928145317.0
006 a|||||r|||| 00| 0
007 ta
008 220927b |||||||| |||| 00| 0 eng d
024 _a80020
037 _cTextual
040 _aSDCL
_cSDCL
_beng
041 _2eng
_aeng
082 _aO122,2L32,2, L7
100 _aBeaumarchais Le Vie De
_9512496
245 0 _aLe mariage de figaro
_b Comedie.
260 _c1977
942 _hO122,2L32,2, L7
_cTEXL
_2CC
999 _c833084
_d833084